Correlation between economic growth and the investment expansion of the energy companies (case of China)

Prepojenie ekonomického rastu a spotreby energie skúmané Grangerovou kauzalitou. Odliv PZI z Číny s cieľom zabezpečenia energetických zásob. Kľúčové trendy vo vývoji čínskej investičnej energetickej politike.

Saved in:
Bibliographic Details
Main Author: Zábojník, Stanislav, 1984-
Format: Book Chapter
Language:English
Subjects:
Tags: Add Tag
No Tags, Be the first to tag this record!

MARC

LEADER 00000naa$a2200000$$$4500
001 0210884
005 20240531130621.4
041 0 |a eng 
044 |a RU 
245 1 0 |a Correlation between economic growth and the investment expansion of the energy companies (case of China)  |c Stanislav Zábojník 
520 |a Prepojenie ekonomického rastu a spotreby energie skúmané Grangerovou kauzalitou. Odliv PZI z Číny s cieľom zabezpečenia energetických zásob. Kľúčové trendy vo vývoji čínskej investičnej energetickej politike. 
610 2 0 |a spotreba energie 
610 2 0 |a investície priame zahraničné 
610 2 0 |a korelácia 
100 1 |a Zábojník, Stanislav, 1984-